Nieuznawane Państwa - Statystyki

Ogólne statystyki
  • Ten quiz został rozwiązany 123 razy
  • Średni wynik to 7 z 13
Statystyki odpowiedzi
Zależny od / spór z Ludność Powierzchnia Stolica Odpowiedź % Poprawnych
Serbia 1 920 079 10 887 km2 Prisztina Kosowo
87%
Cypr 313 626 3355 km2 Nikozja Północna Cypr Północny
85%
Chiny 23 451 837 36 197 km2 Nowe Tajpej Tajwan
83%
Izrael 4 682 467 6242 km2 Ramallah Palestyna
82%
Mołdawia 469 000 4163 km2 Tyraspol Naddniestrze
69%
Somalia 4 500 000 137 600 km2 Hargejsa Somaliland
59%
Gruzja 70 000 3900 km2 Cchinwali Osetia Południowa
58%
Ukraina 2 260 000 7853 km2 Donieck Doniecka Republika Ludowa
54%
Gruzja 243 000 8550 km2 Suchumi Abchazja
52%
Ukraina 1 438 934 8377 km2 Ługańsk Ługańska Republika Ludowa
51%
Azerbejdżan 150 932 11 458 km2 Stepanakert Górski Karabach
48%
Azerbejdżan 382 059 5500 km2 Nachiczewan Nachiczewan
10%
Papua Nowa - Gwinea 175 160 9318 km2 Arawa Wyspa Bougainvilla
0%
Nie znaleziono quizów pasujących do podanych kryteriów
Rozkład punktacji
Procent ludzi z każdym wynikiem
Percentyl według liczby udzielonych odpowiedzi
Twoja historia wyników
Nie rozwiązałeś tego quizu